| 000 | 00616nam a2200217 a 4500 | ||
|---|---|---|---|
| 005 | 20210223123821.0 | ||
| 008 | 991125n 000 0 u | ||
| 035 | _aUPN01000069474 | ||
| 100 | 1 |
_aOria Razo, Vicente, _d1933-2011 _928575 |
|
| 222 | _aCOMUNICACION EDUCATIVA SEP | ||
| 245 | _aContinuidad de la revolución educativa | ||
| 300 | _a4 | ||
| 362 | _a1987 Año 5, no. 50, nov. | ||
| 653 | 0 | _aCALIDAD EDUCATIVA | |
| 653 | 0 | _aCRISIS EDUCATIVA | |
| 653 | 0 | _aPOLITICA EDUCATIVA | |
| 653 | 0 | _aPROCESO ENSEÑANZA-APRENDIZAJE | |
| 653 | 0 | _aREFORMA EDUCATIVA | |
| 904 |
_aAC _b007285 |
||
| 905 | _aArticulo | ||
| 999 |
_c64975 _d64975 |
||